Shadows of the mind (Record no. 1195)

000 -LEADER
fixed length control field 00623nam a22002177a 4500
005 - DATE AND TIME OF LATEST TRANSACTION
control field 20210426114805.0
008 - FIXED-LENGTH DATA ELEMENTS--GENERAL INFORMATION
fixed length control field 210204b1994 eng||||| |||| 00| 0 eng d
020 ## - INTERNATIONAL STANDARD BOOK NUMBER
International Standard Book Number 0198539789
020 ## - INTERNATIONAL STANDARD BOOK NUMBER
International Standard Book Number 0195106466
040 ## - CATALOGING SOURCE
Transcribing agency DLC
041 ## - LANGUAGE CODE
Language code of text/sound track or separate title eng
080 ## - UNIVERSAL DECIMAL CLASSIFICATION NUMBER
Universal Decimal Classification number 001
Item number P-41
100 ## - MAIN ENTRY--PERSONAL NAME
9 (RLIN) 788
Personal name Penrose,Roger
245 ## - TITLE STATEMENT
Title Shadows of the mind
Remainder of title : Asearch for the missing science of consciousness
Statement of responsibility, etc. Roger Penrose
260 ## - PUBLICATION, DISTRIBUTION, ETC.
Place of publication, distribution, etc. New York
Name of publisher, distributor, etc. Oxford university press
Date of publication, distribution, etc. 1994
300 ## - PHYSICAL DESCRIPTION
Extent 457 p.:
365 ## - TRADE PRICE
Price type code 22.50 USD
650 #0 - SUBJECT ADDED ENTRY--TOPICAL TERM
Source of heading or term shadows of the mind
9 (RLIN) 681
Topical term or geographic name entry element Science
653 ## - INDEX TERM--UNCONTROLLED
Uncontrolled term მეცნიერება
942 ## - ADDED ENTRY ELEMENTS (KOHA)
Source of classification or shelving scheme
Koha item type Books
Holdings
Withdrawn status Lost status Source of classification or shelving scheme Damaged status Not for loan Permanent location Current location Date acquired Inventory number Total Checkouts Full call number Barcode Date last seen Price effective from Koha item type
          Ken Walker International University Ken Walker International University 02/04/2021 691   001 P-41 691 02/04/2021 02/04/2021 Books

Powered by Koha